| 000 | 00831cab a2200217 4500 | ||
|---|---|---|---|
| 001 | WB3402-09 | ||
| 008 | 090401t1998 xxu||||| |||| 00| 0 eng d | ||
| 035 | _a(Sirsi) u83069 | ||
| 041 | _aeng | ||
| 245 | _aRate bills for year 2000 | ||
| 260 | _c1998 | ||
| 350 | _a0 | ||
| 490 |
_aWestern Morning News _v8 January 1998, 7(1) |
||
| 520 | _aOccupiers of commercial property agreeing a rent review or taking up a new lease this year, will receive a questionnaire for details from the Valuation Office. Occupiers will have their rate bills for 1 April 2000 based on rental values as at 1 April 1998. | ||
| 650 | _aBUSINESS RATES | ||
| 650 | _aPROPERTY-COMMERCIAL PROPERTY | ||
| 650 | _aREVALUATION | ||
| 690 | _aPROPERTY-COMMERCIAL PROPERTY-COMMERCIAL PROPERTY APPRAISAL AND VALUATION | ||
| 942 | _n0 | ||
| 948 | _c13/01/1998 | ||
| 999 |
_c52472 _d52472 |
||